000 00294nam a2200133Ia 4500
100 _aHayt/William H
942 _cBK
654 _acircuit
245 _aEngineering Circuit Analysis
260 _bMc Graw Hill
_aNew york
_c1993
082 _a621.3192
_bPAN
300 _a706
546 _aENGLISH
999 _c24560
_d24560